South America by Borders - No Brazil - Statistics

General Stats
  • This quiz has been taken 930 times
  • The average score is 11 of 12
Answers on the Map
Answers color-coded by a green-red scale on the quiz's map according to % correct below.
 
Answer Stats
Country % Correct
Brazil
99%
Argentina
95%
Bolivia
95%
Chile
95%
Peru
95%
Colombia
92%
Ecuador
90%
Paraguay
90%
Uruguay
89%
Guyana
88%
Venezuela
88%
Suriname
85%
No matching quizzes found
Score Distribution
Percent of People with Each Score
Percentile by Number Answered
Your Score History
You have not taken this quiz